Statystyki dla Pełne Nazwy Państw Europy

Kliknij tutaj aby rozwiązać quiz!

Ogólne statystyki

  • Ten quiz został rozwiązany 438 razy
  • Średni wynik to 25 z 42

Statystyki odpowiedzi

PaństwoPełna Nazwa% Poprawnych
PolskaRzeczpospolita Polska
87%
CzechyRepublika Czeska
76%
AlbaniaRepublika Albanii
73%
AustriaRepublika Austrii
70%
FrancjaRepublika Francuska
69%
BułgariaRepublika Bułgarii
68%
ChrowacjaRepublika Chorwacji
68%
EstoniaRepublika Estońska
68%
GrecjaRepublika Grecka
68%
BiałoruśRepublika Białorusi
67%
FinlandiaRepublika Finlandii
67%
HiszpaniaKrólestwo Hiszpanii
66%
IslandiaRepublika Islandii
66%
LitwaRepublika Litewska
66%
ŁotwaRepublika Łotewska
66%
MołdawiaRepublika Mołdawii
66%
KazachstanRepublika Kazachstanu
65%
Macedonia PółnocnaRepublika Macedonii Północnej
65%
PortugaliaRepublika Portugalska
65%
SerbiaRepublika Serbii
65%
SłowacjaRepublika Słowacja
65%
SłoweniaRepublika Słowenia
65%
WłochyRepublika Włoska
65%
DaniaKrólestwo Danii
64%
MaltaRepublika Malty
64%
* KosowoRepublika Kosowa
63%
TurcjaRepublika Turcji
63%
BelgiaKrólestwo Belgii
60%
NorwegiaKrólestwo Norwegii
60%
San MarinoRepublika San Marino
60%
SzwecjaKrólestwo Szwecji
58%
AndoraKsięstwo Andory
55%
LiechtensteinKsięstwo Liechtensteinu
55%
MonakoKsięstwo Monako
55%
RosjaFederacja Rosyjska
53%
NiemcyRepublika Federalna Niemiec
49%
Wielka BrytaniaZjednoczone Królestwo Wielkiej Brytanii i Irlandii Północnej
31%
HolandiaKrólestwo Niderlandów
30%
WatykanPaństwo Watykańskie
27%
SzwajcariaKonfederacja Szwajcarska
24%
LuksemburgWielkie Księstwo Luksemburga
24%
* NaddniestrzeNaddniestrzańska Republika Mołdawska
12%

Rozkład punktacji

Percentyl według liczby udzielonych odpowiedzi

Procent ludzi z każdym wynikiem

Twoja historia wyników

Nie rozwiązałeś tego quizu